Outlines of child study ; a textbook for parent-teacher assocations, mothers' clubs, and all kindred organizations /

Bibliographic Details
Main Author: McKeever, William Arch, 1868-
Format: Book
Language:English
Published: New York : Macmillan, 1915.
Subjects:

MARC

Tag First Indicator Second Indicator Subfields
LEADER 00000cam a2200000 4500
001 in00000075311
005 20151008052623.0
008 780821s1915 nyu b 00010 engm
010 |a  15004793  
035 |a (OCoLC)04154694 
035 |9 AAH4160AM 
040 |a DLC  |c IAR  |d IAR  |d TXA  |d UtOrBLW 
049 |a TXAM  |c [30200] 
050 0 |a LB1115  |b .M16 
092 |a 371.103  |b M15o 
100 1 |a McKeever, William Arch,  |d 1868- 
245 1 4 |a Outlines of child study ;  |b a textbook for parent-teacher assocations, mothers' clubs, and all kindred organizations /  |c by William A. McKeever ... 
264 1 |a New York :  |b Macmillan,  |c 1915. 
300 |a xiv, 181 pages ;  |c 20 cm. 
336 |a text  |b txt  |2 rdacontent 
337 |a unmediated  |b n  |2 rdamedia 
338 |a volume  |b nc  |2 rdacarrier 
504 |a "The child-study literature": pages [159]-181. 
650 0 |a Child development. 
650 0 |a Women  |x Societies and clubs. 
999 |a MARS 
999 f f |s a7245d7f-73a4-34e0-a08c-275dfa63b7b2  |i 90f9b394-863d-349b-ad9a-dbaa21e2b54f  |t 0 
952 f f |p normal  |a Texas A&M University  |b College Station  |c Sterling C. Evans Library  |d Evans: Library Stacks  |t 0  |e LB1115 .M16  |h Library of Congress classification  |i unmediated -- volume  |m A14800830486 
998 f f |a LB1115 .M16  |t 0  |l Evans: Library Stacks